| 000 | 00971nam a2200277 a 4500 | ||
|---|---|---|---|
| 001 | BRCA_4507 | ||
| 005 | 20190320204709.0 | ||
| 008 | 140910s1928----ne-a######---#000-0#fre-# | ||
| 041 | _afre | ||
| 044 | _ane | ||
| 050 | 4 |
_aN2481 _b.S38 1928 |
|
| 245 | 1 | 0 |
_a300 [i.e. Trescientos] Sculptures et Tableaux Xe - XVIe Siécles _bObjets de Vitrine-Art Textile, etc. |
| 260 |
_aHolanda _bMusée van Stolk _c1928 |
||
| 300 |
_a48 p. _bil., 39 láminas _c30 cm. |
||
| 500 | _aCatálogo de la subasta de Frederik Muller & Cie. realizada en el Musée van Stolk, 8-9 mayo, 1928 | ||
| 500 | _aHoja suelta al principio | ||
| 500 | _aEstado físico: Encuadernación deteriorada | ||
| 500 | _aCG15 | ||
| 610 | 2 | 4 |
_aMuseé van Stolk (La Haya, Holanda) _vSubastas _911416 |
| 650 | 1 | 4 |
_aArte _vSubastas _zLa Haya _911417 |
| 650 | 1 | 4 |
_aGalerías y museos _zHolanda _97615 |
| 700 | 1 |
_aMuller, Frederik _911418 |
|
| 700 | 1 |
_aMensing, Ant W. M. _911419 |
|
| 902 | _aGFM | ||
| 942 |
_2lcc _cB |
||
| 999 |
_c4213 _d4213 |
||